zpět

Detail výsledku týmu

Skautská, Ostrava

Datum a čas kvízu

33 Celkem bodů Celkový počet nahraných bodů na tomto kvízu bez doplňovacích otázek.
9. Pořadí na kvízu Konečné umístění týmu na tomto kvízu.

Zaznamenané odpovědi

# Otázka Odpověď Body Výsledky
1. Která společnost začala minulý... Foodora 1
2. V italském městě Pesaro nechal... Luciano Pavarotti 0
3. Kterou známou hollywoodskou he... Julii Roberts 1
4. Která společnost vyhrála minul... Netflix 1
5. V neděli jsme se dozvěděli jmé... Lando Norris, 3. místo 0
6. Jak jinak začít toto téma, než... žlutý trpaslík 0
7. Další otázku věnujme Zemi. Jed... 6378 km 1
8. Nyní se podíváme na planety, c... Uran; Venuše 1
9. Na řadě je rychlost planet. Co... B 0
10. Přiřaďte názvy těchto měsíců k... 1C 2D 3A 4B 0